| 000 | 01428 a2200229 4500 | ||
|---|---|---|---|
| 001 | 38854 | ||
| 005 | 20260407155649.0 | ||
| 008 | 260407a2000 arg spa d | ||
| 003 | AR-UNSa-BCEJYS | ||
| 040 |
_aAR-UNSa-BCEJYS _bspa _cAR-UNSa-BCEJYS |
||
| 080 |
_a334.713 _xPequeña industria (Pymes) |
||
| 245 | 1 | 0 |
_a¿Las Pymes en el 2000? _psupervivencia, desarrollo y futuro |
| 020 | _a950-739-847-3 | ||
| 264 | 1 |
_aBuenos Aires : _bErrepar _c2000 |
|
| 300 |
_a238 p. _c22 cm. |
||
| 505 | _a1. Descripción del marco - 2. El criterio de polaridad - 3. Carcterísticas del hombre administrativo - 4. Aprendizaje de respuestas y construcción de la personalidad - 4. Aprendizaje de respuestas y construcción de la personalidad - 5. La importancia de la familia en este proceso - 6. El fenómeno decisorio - 7. Los grupos, la familia y la empresa - 8. La importancia de la mujer en la actualidad - 9. El tratamiento de la crisis - 10. El problema de la economía - 11. El país y sus regiones - 12. La capacitación y las Pymes - 13. Los aspectos comerciales - 14. La calidad en las Pymes - 15. Acuerdos de colaboración y asociaciones - 16. Consideraciones sobre algunas investigaciones - 17. Conclusiones. | ||
| 041 | _aspa | ||
| 942 | _cBK | ||
| 590 | _aniveau_biblio:m niveau_hierar:0 | ||
| 100 | 1 | _aIrigoyen, Horacio A. | |
| 856 | 4 | 1 |
_uhttps://biblioeco.unsa.edu.ar/pmb/images/libros/L85850.jpg _yImagen de portada _qimage/jpeg |
| 999 |
_c2929 _d2929 |
||